[Event "d12b"]
[Site "?"]
[Date "2020.08.30"]
[Round "2.2"]
[White "Natoli, Alessia"]
[Black "Chiszko, Wiktoria"]
[Result "1-0"]
[BlackElo "1144"]
[WhiteElo "1302"]
[LiveChessVersion "1.4.8"]

1. e4 {[%clk 0:03:02]} e5 {[%clk 0:03:03]} 2. Nf3 {[%clk 0:03:03]} Nc6
{[%clk 0:03:04]} 3. Bb5 {[%clk 0:03:03]} Nf6 {[%clk 0:03:05]} 4. O-O
{[%clk 0:03:02]} g6 {[%clk 0:03:04]} 5. Bxc6 {[%clk 0:02:58]} dxc6
{[%clk 0:03:05]} 6. Nxe5 {[%clk 0:02:55]} Bg7 {[%clk 0:03:05]} 7. d3
{[%clk 0:02:38]} O-O {[%clk 0:03:02]} 8. Nf3 {[%clk 0:02:37]} Bg4
{[%clk 0:03:02]} 9. h3 {[%clk 0:02:38]} Be6 {[%clk 0:03:02]} 10. Nc3
{[%clk 0:02:37]} Qd7 {[%clk 0:03:01]} 11. Bf4 {[%clk 0:02:34]} Rad8
{[%clk 0:02:53]} 12. Qe2 {[%clk 0:02:34]} Nh5 {[%clk 0:02:28]} 13. Bd2
{[%clk 0:02:26]} f5 {[%clk 0:02:23]} 14. Rfe1 {[%clk 0:02:08]} Rde8
{[%clk 0:02:05]} 15. Qf1 {[%clk 0:01:51]} Qd6 {[%clk 0:01:40]} 16. exf5
{[%clk 0:01:42]} Bxf5 {[%clk 0:01:38]} 17. Re2 {[%clk 0:01:38]} Rxe2
{[%clk 0:01:30]} 18. Qxe2 {[%clk 0:01:38]} Qd7 {[%clk 0:01:31]} 19. Re1
{[%clk 0:01:38]} Bxh3 {[%clk 0:01:31]} 20. gxh3 {[%clk 0:01:33]} Qxh3
{[%clk 0:01:29]} 21. Ng5 {[%clk 0:01:26]} Qf5 {[%clk 0:01:25]} 22. Qe6+
{[%clk 0:01:26]} Qxe6 {[%clk 0:01:24]} 23. Rxe6 {[%clk 0:01:26]} Bh6
{[%clk 0:01:22]} 24. Nge4 {[%clk 0:01:18]} Bxd2 {[%clk 0:01:19]} 25. Nxd2
{[%clk 0:01:19]} Rf7 {[%clk 0:01:20]} 26. Re8+ {[%clk 0:01:09]} Kg7
{[%clk 0:01:21]} 27. Kg2 {[%clk 0:01:07]} Nf4+ {[%clk 0:01:21]} 28. Kg3
{[%clk 0:01:08]} h5 {[%clk 0:01:19]} 29. Nde4 {[%clk 0:01:02]} Nd5
{[%clk 0:01:11]} 30. Nxd5 {[%clk 0:00:58]} cxd5 {[%clk 0:01:12]} 31. Ng5
{[%clk 0:00:57]} Rd7 {[%clk 0:01:11]} 32. f4 {[%clk 0:00:50]} Kf6
{[%clk 0:01:08]} 33. Re6+ {[%clk 0:00:49]} Kg7 {[%clk 0:01:08]} 34. Kf3
{[%clk 0:00:50]} a6 {[%clk 0:01:05]} 35. c3 {[%clk 0:00:50]} b6 {[%clk 0:01:04]}
36. Rc6 {[%clk 0:00:48]} a5 {[%clk 0:01:05]} 37. Ne6+ {[%clk 0:00:48]} Kf6
{[%clk 0:01:05]} 38. Nxc7+ {[%clk 0:00:48]} Ke7 {[%clk 0:01:03]} 39. Nb5
{[%clk 0:00:46]} Rb7 {[%clk 0:01:01]} 40. Rxg6 {[%clk 0:00:47]} h4
{[%clk 0:01:01]} 41. Rg7+ {[%clk 0:00:48]} Kf6 {[%clk 0:01:02]} 42. Rxb7
{[%clk 0:00:48]} h3 {[%clk 0:01:02]} 43. Rh7 {[%clk 0:00:49]} Kg6
{[%clk 0:01:03]} 44. Rxh3 {[%clk 0:00:50]} Kf5 {[%clk 0:01:03]} 45. d4
{[%clk 0:00:50]} Ke6 {[%clk 0:01:04]} 46. Rh5 {[%clk 0:00:51]} Kd7
{[%clk 0:01:04]} 47. Kg4 {[%clk 0:00:51]} Kc6 {[%clk 0:01:05]} 48. f5
{[%clk 0:00:51]} Kxb5 {[%clk 0:01:05]} 49. f6 {[%clk 0:00:52]} Kc4
{[%clk 0:01:06]} 50. f7 {[%clk 0:00:52]} Kd3 {[%clk 0:01:07]} 51. f8=Q
{[%clk 0:00:52]} Kc2 {[%clk 0:01:07]} 52. Qf2+ {[%clk 0:00:52]} Kd3
{[%clk 0:01:08]} 53. Rh3+ {[%clk 0:00:53]} Kc4 {[%clk 0:01:08]} 54. Qe2#
{[%clk 0:00:53]} 1-0

[Event "d12b"]
[Site "?"]
[Date "2020.08.30"]
[Round "2.3"]
[White "Mitrega, Wiktoria"]
[Black "Wojs, Alicja"]
[Result "0-1"]
[BlackElo "1285"]
[WhiteElo "1143"]
[LiveChessVersion "1.4.8"]

1. c4 {[%clk 0:03:03]} e6 {[%clk 0:03:04]} 2. Nc3 {[%clk 0:03:04]} d5
{[%clk 0:03:05]} 3. cxd5 {[%clk 0:03:05]} exd5 {[%clk 0:03:06]} 4. d4
{[%clk 0:03:06]} c6 {[%clk 0:03:07]} 5. g3 {[%clk 0:03:07]} Bf5 {[%clk 0:03:08]}
6. Bg2 Nf6 {[%clk 0:03:09]} 7. Nf3 {[%clk 0:03:07]} Bd6 {[%clk 0:03:08]} 8. O-O
{[%clk 0:03:07]} O-O {[%clk 0:03:09]} 9. Bg5 {[%clk 0:03:01]} Nbd7
{[%clk 0:03:08]} 10. e3 {[%clk 0:03:01]} h6 {[%clk 0:03:08]} 11. Bxf6
{[%clk 0:02:56]} Nxf6 {[%clk 0:03:09]} 12. Rc1 {[%clk 0:02:43]} Re8
{[%clk 0:03:05]} 13. a3 {[%clk 0:02:41]} Ne4 {[%clk 0:03:05]} 14. Nd2
{[%clk 0:02:26]} Nxd2 {[%clk 0:03:01]} 15. Qxd2 {[%clk 0:02:27]} Qd7
{[%clk 0:02:50]} 16. Na4 {[%clk 0:02:08]} Qe7 {[%clk 0:02:41]} 17. Nc5
{[%clk 0:01:58]} Bxc5 {[%clk 0:02:20]} 18. Rxc5 Be4 {[%clk 0:02:20]} 19. Rfc1
{[%clk 0:01:47]} Bxg2 {[%clk 0:02:18]} 20. Kxg2 {[%clk 0:01:48]} Qe4+
{[%clk 0:02:20]} 21. Kg1 {[%clk 0:01:49]} Qf3 {[%clk 0:02:16]} 22. Qd1
{[%clk 0:01:46]} Qf6 {[%clk 0:02:15]} 23. Qg4 {[%clk 0:01:37]} Rad8
{[%clk 0:02:11]} 24. R5c2 {[%clk 0:01:34]} Re4 {[%clk 0:02:12]} 25. Qe2
{[%clk 0:01:31]} Rde8 {[%clk 0:02:04]} 26. b4 {[%clk 0:01:18]} Rxd4
{[%clk 0:01:52]} 27. b5 {[%clk 0:00:56]} Ra4 {[%clk 0:01:29]} 28. bxc6
{[%clk 0:00:53]} bxc6 {[%clk 0:01:28]} 29. Rxc6 {[%clk 0:00:54]} Qe5
{[%clk 0:01:25]} 30. R6c3 {[%clk 0:00:46]} d4 {[%clk 0:01:20]} 31. Rb3
{[%clk 0:00:39]} Qd5 {[%clk 0:01:13]} 32. Rd3 {[%clk 0:00:25]} Qd6
{[%clk 0:01:06]} 33. Rcd1 {[%clk 0:00:25]} Qb6 {[%clk 0:00:59]} 34. Qc2
{[%clk 0:00:19]} Ra5 {[%clk 0:00:45]} 35. Rxd4 {[%clk 0:00:19]} Rxa3
{[%clk 0:00:46]} 36. Rd6 {[%clk 0:00:15]} Qb7 {[%clk 0:00:47]} 37. Rd8
{[%clk 0:00:14]} Qe7 {[%clk 0:00:41]} 38. Rxe8+ {[%clk 0:00:14]} Qxe8
{[%clk 0:00:42]} 39. Qb2 {[%clk 0:00:14]} Ra6 {[%clk 0:00:42]} 40. Qc2
{[%clk 0:00:13]} Rc6 {[%clk 0:00:42]} 41. Qb1 {[%clk 0:00:13]} Rb6
{[%clk 0:00:43]} 42. Qc2 {[%clk 0:00:13]} Qb8 {[%clk 0:00:40]} 43. Qc3
{[%clk 0:00:07]} a6 {[%clk 0:00:36]} 44. Qc5 {[%clk 0:00:05]} Rb5
{[%clk 0:00:35]} 45. Qc3 {[%clk 0:00:05]} a5 {[%clk 0:00:36]} 46. Qa3
{[%clk 0:00:05]} Qc7 {[%clk 0:00:32]} 47. Qd3 {[%clk 0:00:06]} Rb8
{[%clk 0:00:32]} 48. Qa3 {[%clk 0:00:06]} Qb6 {[%clk 0:00:33]} 49. Qa1
{[%clk 0:00:05]} Qb4 {[%clk 0:00:33]} 50. Qc1 {[%clk 0:00:05]} a4
{[%clk 0:00:33]} 51. Rd4 {[%clk 0:00:05]} Qb5 {[%clk 0:00:30]} 52. Qc2
{[%clk 0:00:05]} a3 {[%clk 0:00:30]} 53. Qa2 {[%clk 0:00:06]} Qb2
{[%clk 0:00:29]} 54. Qd5 {[%clk 0:00:05]} a2 {[%clk 0:00:26]} 55. Rd2
{[%clk 0:00:00]} 0-1

[Event "d12b"]
[Site "?"]
[Date "2020.08.30"]
[Round "2.4"]
[White "Konkol, Sandra"]
[Black "Ziobrowska, Maja"]
[Result "0-1"]
[BlackElo "1266"]
[WhiteElo "1141"]
[LiveChessVersion "1.4.8"]

1. c4 {[%clk 0:03:02]} c6 {[%clk 0:03:01]} 2. Nc3 {[%clk 0:03:04]} d5
{[%clk 0:02:56]} 3. cxd5 {[%clk 0:03:05]} cxd5 {[%clk 0:02:57]} 4. d4
{[%clk 0:03:06]} Nf6 {[%clk 0:02:57]} 5. g3 {[%clk 0:03:06]} Bf5 {[%clk 0:02:57]}
6. Bg2 {[%clk 0:03:06]} e6 {[%clk 0:02:57]} 7. e3 {[%clk 0:03:07]} Nc6
{[%clk 0:02:57]} 8. Nge2 {[%clk 0:03:08]} Bb4 {[%clk 0:02:56]} 9. Bd2
{[%clk 0:03:08]} O-O {[%clk 0:02:55]} 10. O-O {[%clk 0:03:08]} Qd7
{[%clk 0:02:53]} 11. h3 {[%clk 0:03:07]} Rac8 {[%clk 0:02:54]} 12. Rc1
{[%clk 0:03:07]} Rfd8 {[%clk 0:02:45]} 13. a3 {[%clk 0:03:08]} Be7
{[%clk 0:02:40]} 14. Kh2 {[%clk 0:03:06]} e5 {[%clk 0:02:30]} 15. f4
{[%clk 0:02:55]} e4 {[%clk 0:02:23]} 16. g4 {[%clk 0:02:49]} Nxg4+
{[%clk 0:01:41]} 17. hxg4 {[%clk 0:02:48]} Bxg4 {[%clk 0:01:41]} 18. Kg1
{[%clk 0:02:38]} Qe6 {[%clk 0:01:27]} 19. Qe1 {[%clk 0:02:24]} Qg6
{[%clk 0:01:20]} 20. Qg3 {[%clk 0:02:00]} h5 {[%clk 0:01:20]} 21. f5
{[%clk 0:01:28]} Qg5 {[%clk 0:01:09]} 22. Qf4 Qf6 {[%clk 0:00:42]} 23. Qf2
{[%clk 0:00:45]} h4 {[%clk 0:00:36]} 24. Bh1 {[%clk 0:00:21]} Qg5
{[%clk 0:00:34]} 25. Qg2 {[%clk 0:00:21]} h3 {[%clk 0:00:34]} 26. Qg3
{[%clk 0:00:14]} Bd6 {[%clk 0:00:34]} 27. Nf4 {[%clk 0:00:14]} h2+
{[%clk 0:00:33]} 28. Kf2 {[%clk 0:00:12]} Ne7 {[%clk 0:00:24]} 29. Kg2
{[%clk 0:00:07]} Nxf5 {[%clk 0:00:18]} 30. Qxh2 {[%clk 0:00:05]} Bf3+
{[%clk 0:00:17]} 31. Kf2 {[%clk 0:00:04]} Bxf4 {[%clk 0:00:15]} 32. Qxf4
{[%clk 0:00:05]} Qg6 {[%clk 0:00:12]} 33. Bxf3 {[%clk 0:00:05]} exf3
{[%clk 0:00:12]} 34. Qxf3 Rc6 {[%clk 0:00:12]} 35. Nd1 {[%clk 0:00:06]} Rf6
{[%clk 0:00:13]} 36. Ke1 {[%clk 0:00:06]} Re8 {[%clk 0:00:12]} 37. Qe2
{[%clk 0:00:07]} Nxd4 {[%clk 0:00:11]} 38. Qd3 {[%clk 0:00:07]} Nf3+
{[%clk 0:00:11]} 39. Ke2 {[%clk 0:00:08]} Qxd3+ {[%clk 0:00:08]} 40. Kxd3
{[%clk 0:00:08]} Ne5+ {[%clk 0:00:09]} 41. Kc2 {[%clk 0:00:09]} Rxf1
{[%clk 0:00:09]} 42. Kb1 {[%clk 0:00:10]} Nd3 43. Rc3 {[%clk 0:00:09]} Rxd1+
{[%clk 0:00:10]} 44. Kc2 {[%clk 0:00:10]} Rf1 {[%clk 0:00:10]} 45. Rxd3
{[%clk 0:00:10]} Rc8+ {[%clk 0:00:11]} 46. Rc3 {[%clk 0:00:11]} Rxc3+
{[%clk 0:00:12]} 47. Bxc3 {[%clk 0:00:12]} Rf2+ {[%clk 0:00:13]} 48. Kd3
{[%clk 0:00:12]} f6 {[%clk 0:00:13]} 49. Kd4 {[%clk 0:00:13]} Kf7
{[%clk 0:00:14]} 50. Kxd5 {[%clk 0:00:14]} Ke7 {[%clk 0:00:14]} 51. Kd4
{[%clk 0:00:13]} Rg2 {[%clk 0:00:14]} 52. e4 {[%clk 0:00:14]} g5 {[%clk 0:00:14]}
53. Ke3 {[%clk 0:00:14]} g4 {[%clk 0:00:15]} 54. Kf4 {[%clk 0:00:14]} Ke6
{[%clk 0:00:15]} 55. Ke3 {[%clk 0:00:14]} f5 {[%clk 0:00:15]} 56. exf5+
{[%clk 0:00:14]} Kxf5 {[%clk 0:00:16]} 57. Be1 {[%clk 0:00:10]} Rxb2
{[%clk 0:00:16]} 58. Bd2 {[%clk 0:00:10]} Rxd2 {[%clk 0:00:15]} 59. Kxd2
{[%clk 0:00:11]} Kf4 {[%clk 0:00:15]} 60. Ke2 {[%clk 0:00:12]} g3
{[%clk 0:00:16]} 61. Kf1 {[%clk 0:00:13]} Kf3 {[%clk 0:00:18]} 62. Kg1
{[%clk 0:00:14]} g2 {[%clk 0:00:19]} 0-1

[Event "d12b"]
[Site "?"]
[Date "2020.08.30"]
[Round "2.5"]
[White "Moczala, Maja"]
[Black "Banasiak, Adrianna"]
[Result "1-0"]
[BlackElo "1235"]
[WhiteElo "1137"]
[LiveChessVersion "1.4.8"]

1. e4 e5 2. Nf3 Nc6 3. Nc3 Bc5 4. Nxe5 Bxf2+ 5. Kxf2 Nxe5 6. Be2 Nf6 7. d4 Ng6 8.
Rf1 d6 9. Kg1 Bd7 10. Bg5 c6 11. Bxf6 gxf6 12. Bh5 Qe7 13. Bxg6 fxg6 14. Qf3 Rf8
15. Rae1 O-O-O 16. d5 f5 17. exf5 Qg7 18. dxc6 Bxc6 19. Qg4 Bd7 20. Nd5 Kb8 21.
Re7 Bxf5 22. Qb4 Qxe7 23. Nxe7 Rd7 24. Nxf5 gxf5 25. Qb5 f4 26. Qxd7 f3 27. Rxf3
Rxf3 28. gxf3 a6 29. Qxd6+ Ka7 30. f4 h5 31. f5 h4 32. f6 h3 33. f7 a5 34. f8=R
a4 35. Qc5+ Ka6 36. Rf6+ b6 37. Qxb6# 1-0

[Event "d12b"]
[Site "?"]
[Date "2020.08.30"]
[Round "2.6"]
[White "Zielinska, Aleksandra"]
[Black "Popczynska, Maja"]
[Result "1/2-1/2"]
[BlackElo "1129"]
[WhiteElo "1215"]
[LiveChessVersion "1.4.8"]

1. e4 {[%clk 0:03:03]} e6 {[%clk 0:03:03]} 2. d4 {[%clk 0:03:04]} d5
{[%clk 0:03:04]} 3. Bd3 {[%clk 0:03:05]} c5 {[%clk 0:03:02]} 4. c3
{[%clk 0:03:03]} c4 {[%clk 0:03:03]} 5. Bc2 {[%clk 0:03:03]} Nc6 {[%clk 0:03:02]}
6. Be3 {[%clk 0:02:59]} Nf6 {[%clk 0:02:55]} 7. e5 {[%clk 0:03:00]} Nd7
{[%clk 0:02:55]} 8. Nf3 {[%clk 0:02:59]} Be7 {[%clk 0:02:39]} 9. Nbd2
{[%clk 0:02:55]} O-O {[%clk 0:02:35]} 10. O-O {[%clk 0:02:55]} f6
{[%clk 0:02:26]} 11. exf6 {[%clk 0:02:42]} Nxf6 {[%clk 0:02:26]} 12. Re1
{[%clk 0:02:42]} Bd7 {[%clk 0:02:25]} 13. Bf4 {[%clk 0:02:33]} Nh5
{[%clk 0:01:43]} 14. Bg3 {[%clk 0:02:15]} Nxg3 {[%clk 0:01:31]} 15. fxg3
{[%clk 0:02:15]} Bf6 {[%clk 0:01:25]} 16. b3 {[%clk 0:01:35]} b5 {[%clk 0:01:22]}
17. bxc4 bxc4 {[%clk 0:01:18]} 18. Rb1 {[%clk 0:01:13]} Rb8 {[%clk 0:01:14]} 19.
Qe2 {[%clk 0:01:00]} Qc7 {[%clk 0:01:03]} 20. Ne5 {[%clk 0:00:49]} Nxe5
{[%clk 0:01:00]} 21. dxe5 {[%clk 0:00:50]} Bg5 {[%clk 0:00:58]} 22. Nf3
{[%clk 0:00:48]} Bh6 {[%clk 0:00:57]} 23. Nd4 {[%clk 0:00:45]} Rxb1
{[%clk 0:00:49]} 24. Rxb1 {[%clk 0:00:45]} Rb8 {[%clk 0:00:49]} 25. Rxb8+
{[%clk 0:00:35]} Qxb8 {[%clk 0:00:49]} 26. Kf1 {[%clk 0:00:25]} Qf8+
{[%clk 0:00:48]} 1/2-1/2

[Event "d12b"]
[Site "?"]
[Date "2020.08.30"]
[Round "2.7"]
[White "Wesolowska, Liliana"]
[Black "Kulczycka, Zofia"]
[Result "1/2-1/2"]
[BlackElo "1116"]
[WhiteElo "1204"]
[LiveChessVersion "1.4.8"]

1. e4 {[%clk 0:03:03]} c5 {[%clk 0:03:03]} 2. Bc4 {[%clk 0:03:04]} Nc6
{[%clk 0:03:00]} 3. Nf3 {[%clk 0:03:04]} d6 {[%clk 0:03:01]} 4. d4
{[%clk 0:03:04]} cxd4 {[%clk 0:03:02]} 5. c3 {[%clk 0:03:05]} d3 {[%clk 0:02:59]}
6. Qxd3 {[%clk 0:03:02]} Nf6 {[%clk 0:02:57]} 7. Bg5 {[%clk 0:03:01]} h6
{[%clk 0:02:50]} 8. Bxf6 {[%clk 0:03:01]} exf6 {[%clk 0:02:48]} 9. O-O
{[%clk 0:02:56]} Be7 {[%clk 0:02:48]} 10. Re1 {[%clk 0:02:57]} O-O
{[%clk 0:02:48]} 11. Nbd2 {[%clk 0:02:57]} Ne5 {[%clk 0:02:48]} 12. Nxe5
{[%clk 0:02:57]} dxe5 {[%clk 0:02:48]} 13. Qxd8 {[%clk 0:02:57]} Rxd8
{[%clk 0:02:49]} 14. Nb3 {[%clk 0:02:58]} b6 {[%clk 0:02:42]} 15. Rad1
{[%clk 0:02:58]} Bb7 {[%clk 0:02:42]} 16. f3 {[%clk 0:02:54]} Rac8
{[%clk 0:02:42]} 17. Rxd8+ {[%clk 0:02:50]} Rxd8 {[%clk 0:02:41]} 18. h3
{[%clk 0:02:41]} Bc6 {[%clk 0:02:31]} 19. Kh2 {[%clk 0:02:31]} Ba4
{[%clk 0:02:32]} 20. Re3 {[%clk 0:02:23]} Bxb3 {[%clk 0:02:32]} 21. axb3
{[%clk 0:02:24]} Rd2 {[%clk 0:02:32]} 22. Re2 {[%clk 0:02:23]} Rxe2
{[%clk 0:02:31]} 23. Bxe2 {[%clk 0:02:24]} Kf8 {[%clk 0:02:29]} 24. g3
{[%clk 0:02:24]} Ke8 {[%clk 0:02:28]} 25. f4 {[%clk 0:02:25]} Kd7
{[%clk 0:02:29]} 26. c4 {[%clk 0:02:25]} Kc6 {[%clk 0:02:30]} 27. Kg2 Kc5
{[%clk 0:02:23]} 28. Kf3 {[%clk 0:02:23]} Kb4 {[%clk 0:02:24]} 29. Bd1
{[%clk 0:02:23]} Bc5 {[%clk 0:02:22]} 30. fxe5 {[%clk 0:02:18]} fxe5
{[%clk 0:02:23]} 31. g4 {[%clk 0:02:17]} Bd4 {[%clk 0:02:23]} 32. Bc2
{[%clk 0:02:11]} Bxb2 {[%clk 0:02:22]} 33. h4 {[%clk 0:02:10]} Bc1
{[%clk 0:02:22]} 34. h5 {[%clk 0:02:08]} Bg5 {[%clk 0:02:21]} 35. Ke2
{[%clk 0:02:04]} Kc5 {[%clk 0:02:18]} 36. Kd3 {[%clk 0:02:04]} a6
{[%clk 0:02:15]} 37. Bd1 {[%clk 0:02:02]} a5 {[%clk 0:02:15]} 38. Bc2
{[%clk 0:02:03]} b5 {[%clk 0:02:08]} 39. cxb5 {[%clk 0:01:59]} Kxb5
{[%clk 0:02:08]} 40. Kc3 {[%clk 0:01:52]} Kc5 {[%clk 0:02:08]} 41. Bd3
{[%clk 0:01:48]} Bd8 {[%clk 0:02:04]} 42. Bc4 {[%clk 0:01:38]} f6
{[%clk 0:01:59]} 1/2-1/2

[Event "d12b"]
[Site "?"]
[Date "2020.08.30"]
[Round "3.1"]
[White "Szczotka, Klara"]
[Black "Pniewska, Beata"]
[Result "1-0"]
[BlackElo "1169"]
[WhiteElo "1654"]
[LiveChessVersion "1.4.8"]

1. e4 {[%clk 0:03:04]} e6 {[%clk 0:03:01]} 2. d4 {[%clk 0:03:04]} d5
{[%clk 0:03:01]} 3. Nd2 {[%clk 0:03:04]} c5 {[%clk 0:03:00]} 4. exd5
{[%clk 0:03:03]} exd5 {[%clk 0:03:01]} 5. Ngf3 {[%clk 0:03:02]} Nf6
{[%clk 0:02:56]} 6. Bd3 {[%clk 0:02:57]} Nc6 {[%clk 0:02:55]} 7. O-O
{[%clk 0:02:57]} cxd4 {[%clk 0:02:51]} 8. Nb3 {[%clk 0:02:58]} Be7
{[%clk 0:02:50]} 9. Nfxd4 {[%clk 0:02:58]} Nxd4 {[%clk 0:02:50]} 10. Nxd4
{[%clk 0:02:59]} O-O 11. Re1 Re8 {[%clk 0:02:28]} 12. Bf4 {[%clk 0:02:54]} Bg4
{[%clk 0:02:25]} 13. Qd2 {[%clk 0:02:49]} a6 {[%clk 0:02:06]} 14. h3
{[%clk 0:02:48]} Bh5 {[%clk 0:02:06]} 15. c3 {[%clk 0:02:21]} Bg6
{[%clk 0:01:53]} 16. Bxg6 {[%clk 0:02:21]} hxg6 {[%clk 0:01:53]} 17. Re2
{[%clk 0:01:45]} Ne4 {[%clk 0:01:45]} 18. Qe1 {[%clk 0:01:34]} Bc5
{[%clk 0:01:44]} 19. Rd1 {[%clk 0:01:31]} Qf6 {[%clk 0:01:31]} 20. Be3
{[%clk 0:01:08]} Rad8 {[%clk 0:01:19]} 21. Nb3 {[%clk 0:01:02]} Bxe3
{[%clk 0:01:15]} 22. Rxe3 {[%clk 0:01:03]} Qc6 {[%clk 0:01:08]} 23. Rd4
{[%clk 0:00:46]} Nf6 {[%clk 0:01:04]} 24. Rdd3 {[%clk 0:00:36]} Ne4
{[%clk 0:00:55]} 25. Nd4 {[%clk 0:00:29]} Qd7 {[%clk 0:00:45]} 26. Nc2
{[%clk 0:00:23]} Qa4 {[%clk 0:00:35]} 27. Nb4 {[%clk 0:00:18]} Nf6
{[%clk 0:00:32]} 28. Qd2 {[%clk 0:00:12]} Qb5 {[%clk 0:00:24]} 29. b3
{[%clk 0:00:08]} a5 {[%clk 0:00:23]} 30. Nc2 Qc6 {[%clk 0:00:19]} 31. Nd4
{[%clk 0:00:09]} Qd7 {[%clk 0:00:18]} 32. f3 {[%clk 0:00:10]} a4 {[%clk 0:00:15]}
33. Kf2 {[%clk 0:00:07]} axb3 {[%clk 0:00:15]} 34. axb3 {[%clk 0:00:08]} b6
{[%clk 0:00:11]} 35. Rxe8+ {[%clk 0:00:08]} Rxe8 {[%clk 0:00:11]} 36. Re3
{[%clk 0:00:10]} Rxe3 {[%clk 0:00:10]} 37. Qxe3 {[%clk 0:00:11]} Qa7
{[%clk 0:00:06]} 38. Qe2 {[%clk 0:00:07]} b5 {[%clk 0:00:04]} 39. Qxb5
{[%clk 0:00:05]} Qa2+ {[%clk 0:00:05]} 40. Qe2 {[%clk 0:00:06]} Qa7
{[%clk 0:00:05]} 41. g3 {[%clk 0:00:05]} Kh7 {[%clk 0:00:05]} 42. Kg2
{[%clk 0:00:06]} Nh5 {[%clk 0:00:06]} 43. Qd2 {[%clk 0:00:04]} Nf6
{[%clk 0:00:07]} 44. b4 {[%clk 0:00:04]} Qb6 {[%clk 0:00:07]} 45. b5
{[%clk 0:00:04]} Qc5 {[%clk 0:00:07]} 46. Qd3 {[%clk 0:00:05]} Qa3
{[%clk 0:00:05]} 47. h4 {[%clk 0:00:05]} Qb2+ {[%clk 0:00:04]} 48. Kh3
{[%clk 0:00:05]} Nh5 {[%clk 0:00:04]} 49. Ne2 {[%clk 0:00:03]} Qa1
{[%clk 0:00:03]} 50. Nf4 {[%clk 0:00:03]} Qh1+ {[%clk 0:00:03]} 51. Kg4
{[%clk 0:00:04]} Nxf4 {[%clk 0:00:03]} 52. Kxf4 {[%clk 0:00:04]} Qc1+
{[%clk 0:00:04]} 53. Ke5 {[%clk 0:00:04]} Qe1+ {[%clk 0:00:05]} 54. Kxd5
{[%clk 0:00:05]} Qe6+ {[%clk 0:00:05]} 55. Kd4 {[%clk 0:00:06]} Qd6+
{[%clk 0:00:06]} 56. Ke3 {[%clk 0:00:07]} Qe5+ {[%clk 0:00:06]} 57. Kf2
{[%clk 0:00:09]} Qc5+ {[%clk 0:00:07]} 58. Kg2 {[%clk 0:00:10]} Qe5
{[%clk 0:00:07]} 59. b6 {[%clk 0:00:08]} Qb8 {[%clk 0:00:07]} 60. Qd4
{[%clk 0:00:09]} Qb7 {[%clk 0:00:07]} 61. Qc5 {[%clk 0:00:10]} Qa6
{[%clk 0:00:07]} 62. c4 {[%clk 0:00:10]} Qa2+ {[%clk 0:00:08]} 63. Qf2
{[%clk 0:00:11]} Qxc4 {[%clk 0:00:07]} 64. b7 {[%clk 0:00:11]} Qb5
{[%clk 0:00:05]} 65. Qa7 {[%clk 0:00:12]} Qe2+ {[%clk 0:00:04]} 66. Kh3
{[%clk 0:00:12]} Qe6+ {[%clk 0:00:05]} 67. g4 {[%clk 0:00:14]} 1-0

[Event "d12b"]
[Site "?"]
[Date "2020.08.30"]
[Round "3.2"]
[White "Marczyk, Kinga"]
[Black "Natoli, Alessia"]
[Result "0-1"]
[BlackElo "1302"]
[WhiteElo "1166"]
[LiveChessVersion "1.4.8"]

1. e4 {[%clk 0:03:02]} c5 {[%clk 0:03:03]} 2. Nf3 {[%clk 0:03:04]} e6
{[%clk 0:03:03]} 3. d4 {[%clk 0:03:04]} cxd4 {[%clk 0:03:03]} 4. Nxd4
{[%clk 0:03:04]} Nf6 {[%clk 0:03:02]} 5. Bd3 {[%clk 0:03:03]} Nc6
{[%clk 0:02:57]} 6. Nxc6 {[%clk 0:03:01]} bxc6 {[%clk 0:02:57]} 7. O-O
{[%clk 0:03:00]} d5 {[%clk 0:02:57]} 8. exd5 {[%clk 0:02:49]} cxd5
{[%clk 0:02:57]} 9. Re1 {[%clk 0:02:39]} Bc5 {[%clk 0:02:57]} 10. Be3
{[%clk 0:02:37]} Qb6 {[%clk 0:02:46]} 11. Bxc5 {[%clk 0:02:29]} Qxc5
{[%clk 0:02:46]} 12. Nc3 {[%clk 0:02:28]} O-O {[%clk 0:02:45]} 13. h3
{[%clk 0:02:26]} Rb8 {[%clk 0:02:39]} 14. Rb1 {[%clk 0:02:25]} Bd7
{[%clk 0:02:33]} 15. Qe2 {[%clk 0:01:51]} Rb7 {[%clk 0:02:26]} 16. Nd1
{[%clk 0:01:41]} a5 {[%clk 0:02:24]} 17. b3 {[%clk 0:01:39]} d4 {[%clk 0:02:16]}
18. a4 {[%clk 0:01:34]} Bxa4 {[%clk 0:02:09]} 19. Nb2 {[%clk 0:01:21]} Bc6
{[%clk 0:02:05]} 20. Nc4 {[%clk 0:01:13]} Nd5 {[%clk 0:02:02]} 21. Qh5
{[%clk 0:00:46]} g6 {[%clk 0:01:57]} 22. Qh6 {[%clk 0:00:43]} Nf6
{[%clk 0:01:53]} 23. Ne5 {[%clk 0:00:39]} Nd7 {[%clk 0:01:48]} 24. Nxc6
{[%clk 0:00:35]} Qxc6 {[%clk 0:01:48]} 25. Be4 {[%clk 0:00:36]} Qb6
{[%clk 0:01:41]} 26. Bxb7 {[%clk 0:00:37]} Qxb7 {[%clk 0:01:42]} 27. Red1
{[%clk 0:00:37]} Qc6 {[%clk 0:01:36]} 28. Rbc1 {[%clk 0:00:37]} e5
{[%clk 0:01:35]} 29. Qg5 {[%clk 0:00:38]} f6 {[%clk 0:01:34]} 30. Qg3
{[%clk 0:00:39]} Rc8 {[%clk 0:01:32]} 31. Qf3 {[%clk 0:00:40]} Qxf3
{[%clk 0:01:30]} 32. gxf3 {[%clk 0:00:41]} Nb6 {[%clk 0:01:29]} 33. Kg2
{[%clk 0:00:43]} Kf7 {[%clk 0:01:30]} 34. Kg3 {[%clk 0:00:43]} Ke6 35. f4 Kd5
{[%clk 0:01:30]} 36. fxe5 {[%clk 0:00:46]} fxe5 {[%clk 0:01:31]} 37. Kf3
{[%clk 0:00:47]} a4 {[%clk 0:01:29]} 38. b4 {[%clk 0:00:45]} Rc4 {[%clk 0:01:27]}
39. c3 {[%clk 0:00:44]} e4+ {[%clk 0:01:25]} 40. Kg2 {[%clk 0:00:45]} d3
{[%clk 0:01:26]} 41. f3 {[%clk 0:00:44]} a3 {[%clk 0:01:26]} 42. fxe4+
{[%clk 0:00:45]} Kxe4 {[%clk 0:01:26]} 43. Rd2 {[%clk 0:00:41]} Ke3
{[%clk 0:01:24]} 44. Rcd1 {[%clk 0:00:42]} Rxc3 {[%clk 0:01:24]} 45. h4
{[%clk 0:00:41]} Nd5 {[%clk 0:01:22]} 46. Kf1 {[%clk 0:00:42]} Nxb4
{[%clk 0:01:22]} 47. Ke1 {[%clk 0:00:42]} a2 {[%clk 0:01:19]} 48. Rb2
{[%clk 0:00:38]} Nc2+ {[%clk 0:01:19]} 49. Kf1 {[%clk 0:00:37]} a1=Q
{[%clk 0:01:19]} 50. Rxa1 {[%clk 0:00:25]} Nxa1 {[%clk 0:01:19]} 51. Rb1
{[%clk 0:00:22]} Nc2 {[%clk 0:01:18]} 52. Rd1 {[%clk 0:00:22]} d2
{[%clk 0:01:19]} 53. Kg2 {[%clk 0:00:14]} Kd3 {[%clk 0:01:20]} 54. Kf2
{[%clk 0:00:14]} Ne3 {[%clk 0:01:21]} 55. Rg1 {[%clk 0:00:09]} d1=Q
{[%clk 0:01:20]} 0-1

[Event "d12b"]
[Site "?"]
[Date "2020.08.30"]
[Round "3.3"]
[White "Wojs, Alicja"]
[Black "Pietryk, Joanna"]
[Result "1-0"]
[BlackElo "1166"]
[WhiteElo "1285"]
[LiveChessVersion "1.4.8"]

1. e4 {[%clk 0:03:04]} c5 {[%clk 0:03:03]} 2. Nf3 {[%clk 0:03:04]} d6
{[%clk 0:03:05]} 3. d4 {[%clk 0:03:05]} cxd4 {[%clk 0:03:05]} 4. Nxd4
{[%clk 0:03:07]} Nf6 {[%clk 0:03:06]} 5. Nc3 {[%clk 0:03:08]} a6 {[%clk 0:03:08]}
6. Be3 {[%clk 0:03:09]} e5 {[%clk 0:03:08]} 7. Nb3 Be6 {[%clk 0:03:09]} 8. f3
{[%clk 0:03:11]} Be7 {[%clk 0:03:09]} 9. Qd2 {[%clk 0:03:12]} O-O
{[%clk 0:03:08]} 10. g4 {[%clk 0:03:13]} Nc6 {[%clk 0:03:05]} 11. O-O-O
{[%clk 0:03:07]} b5 {[%clk 0:03:04]} 12. h4 {[%clk 0:03:08]} b4 {[%clk 0:03:00]}
13. Ne2 {[%clk 0:03:08]} a5 {[%clk 0:03:01]} 14. Kb1 {[%clk 0:02:57]} a4
{[%clk 0:02:48]} 15. Nbc1 {[%clk 0:02:57]} Bc4 {[%clk 0:02:20]} 16. h5
{[%clk 0:02:51]} Qb8 {[%clk 0:01:40]} 17. g5 {[%clk 0:02:51]} Ne8
{[%clk 0:01:38]} 18. g6 {[%clk 0:02:48]} fxg6 {[%clk 0:01:31]} 19. hxg6
{[%clk 0:02:49]} h6 {[%clk 0:01:32]} 20. Bxh6 {[%clk 0:02:41]} Nf6
{[%clk 0:01:03]} 21. Bxg7 {[%clk 0:02:34]} Bxa2+ {[%clk 0:00:27]} 22. Nxa2
{[%clk 0:02:31]} b3 {[%clk 0:00:22]} 23. Rh8+ {[%clk 0:02:31]} Kxg7
{[%clk 0:00:21]} 24. Qh6# {[%clk 0:02:31]} 1-0